Größte deutsche Unternehmen - Bilderquiz - Statistiken

Allgemein
  • Dieses Quiz wurde 118 mal gespielt
  • Das Durchschnittsergebnis liegt bei 10 aus 16
Antwortstatistiken
Bildquiz Antwort % Korrekt
Volkswagen
99%
Deutsche Bahn
97%
Deutsche Telekom
94%
BMW
92%
Mercedes-Benz
91%
Deutsche Post
90%
REWE
81%
Lufthansa
79%
Bosch
77%
Deutsche Bank
65%
SAP
55%
BASF
43%
BioNTech
31%
Siemens
31%
Fresenius
13%
INA-Holding Schaeffler
5%
Keine übereinstimmenden Quizze gefunden
Verteilung der Resultate
Anzahl Personen mit jedem Resultat
Perzentil nach korrekt beantworteten Fragen
Ihre Resultats-Entwicklung
Sie haben dieses Quiz noch nicht gespielt